000
00304nam a22001097a 4500
008
160512b xxu||||| |||| 00| 0 eng d
020
_a
9786082295343
041
_a
eng
080
_a
612.39
245
_a
Shkenca dhe teknologjia e qumeshtit:
_c
Piter Valstra; Jan T. M, Vuters; Tom J. Gerts;
942
_2
udc
_c
BK
999
_c
2091
_d
2091